| 000 | 00428nam a2200157 i 4500 | ||
|---|---|---|---|
| 001 | 67743 | ||
| 003 | ES-MaACL | ||
| 005 | 20230906170136.0 | ||
| 007 | t| | ||
| 008 | 040203s1971 sp ||||1| spa d | ||
| 100 | 1 |
_aGalot, Jean. _953669 |
|
| 245 | 1 | 3 |
_aLa persona de Cristo _b: ensayo ontológico / _cJean Galot. |
| 260 |
_aBilbao : _bMensajero, _c[1971] |
||
| 300 |
_a127 p. ; _c19 cm. |
||
| 852 |
_aES-MaACL _jC-45876 _bR.79636 |
||
| 999 |
_c67743 _d67743 |
||